Nhà văn qua hồi ức người thân

में बचाया:
ग्रंथसूची विवरण
मुख्य लेखक: Lưu, Khánh Thơ (Sưu tầm, biên soạn)
स्वरूप: पुस्तक
भाषा:Vietnamese
प्रकाशित: Hà Nội Văn hóa - Thông tin 2001
विषय:
टैग : टैग जोड़ें
कोई टैग नहीं, इस रिकॉर्ड को टैग करने वाले पहले व्यक्ति बनें!
Thư viện lưu trữ: Trung tâm Học liệu Lê Vũ Hùng, Trường Đại học Đồng Tháp
LEADER 00725aam a22002178a 4500
001 00042456
005 20181025101045.0
008 120403s2007 ||||||viesd
041 0 # |a vie 
082 1 4 |a 895.922 803  |b NH100V 
100 1 # |e Sưu tầm, biên soạn  |a Lưu, Khánh Thơ 
245 1 0 |a Nhà văn qua hồi ức người thân  |c Lưu Khánh Thơ 
260 # # |a Hà Nội  |b Văn hóa - Thông tin  |c 2001 
300 # # |c 21 cm.  |a 477 tr. 
653 # # |a Nghệ thuật 
653 # # |a Tác giả 
653 # # |a Văn bản 
653 # # |a Văn học hiện đại 
852 # # |j KD.0024282 
910 0 # |d 1/10/2018 
980 # # |a Trung tâm Học liệu Lê Vũ Hùng, Trường Đại học Đồng Tháp